000 00286nam a22001337a 4500
020 _a0-7214-0919-9
082 _a823
_bMCC/W
100 _aMCCULLAGH, SHEILA
245 _aTHE WIDEAWAKE MICE
260 _aUK
_bLADYBIRD
300 _a43
650 _aENGLISH SHORT STORY
_zUK
942 _cBK
999 _c4146
_d4146